| 000 | 00651nam a2200241Ia 4500 | ||
|---|---|---|---|
| 008 | 131103s9999 xx 000 0 und d | ||
| 020 |
_a8177582682 _cRs.250.00 |
||
| 040 | _aLoreto College | ||
| 041 | _aEnglish | ||
| 082 |
_a005.13/PIE _bLCLIB/46003,46004 |
||
| 100 | _aPierce,Clinton | ||
| 245 |
_aTeach yourself PERL in 24 hours _cClinton Pierce |
||
| 250 | _a3rd ed | ||
| 260 |
_aDelhi _bDorling Kindersley _c2006 |
||
| 300 |
_axv,462p _c 20cm |
||
| 504 | _aIncludes index | ||
| 630 | _aPerl | ||
| 630 | _aScript language | ||
| 650 | _aProgramming language | ||
| 651 | _aComputer science | ||
| 850 | _aLCLIB/005.13/PIE | ||
| 942 | _cBK | ||
| 999 |
_c18009 _d68488 |
||